[Event "Vienna Advent op"]
[Site "Vienna"]
[Date "2023.12.15"]
[Round "5"]
[White "Wallinger, Nikolaus"]
[Black "Wu, Chenshan"]
[Result "1-0"]
[WhiteElo "1791"]
[BlackElo "1583"]
[PlyCount "65"]
[EventDate "2023.12.11"]
[EventType "swiss"]
[EventRounds "7"]
[EventCountry "AUT"]
[SourceTitle "CB51_2023"]
[SourceDate "2023.12.20"]
[SourceVersion "1"]
[SourceVersionDate "2023.12.20"]
[SourceQuality "1"]

1. e4 e6 2. d4 d5 3. e5 c5 4. c3 Nc6 5. Nf3 Qb6 6. a3 a5 7. Bd3 cxd4 8. cxd4 Bd7 9. Bc2 Nge7 10. Nc3 Ng6 11. 0-0 Be7 12. Be3 0-0 13. Qd3 Qa6 14. Qd2 Rac8 15. Ne1 f6 16. exf6 gxf6 17. f4 f5 18. g4 fxg4 19. Qg2 Qb6 20. Bxg6 hxg6 21. Qxg4 Kf7 22. Nd3 Rcd8 23. Rf2 Rg8 24. Ne5+ Nxe5 25. fxe5+ Ke8 26. Qh3 Bc8 27. Qh7 Kd7 28. Rf7 Rge8 29. Na4 Qb5 30. Nc5+ Kc6 31. Rxe7 Rxe7 32. Qxe7 Qxb2 33. Rc1 1-0

[Event "Piestany op-B"]
[Site "Piestany"]
[Date "2023.07.15"]
[Round "5"]
[White "Wallinger, Nikolaus"]
[Black "Janouskova, Eliska"]
[Result "0-1"]
[WhiteElo "1644"]
[BlackElo "1255"]
[PlyCount "76"]
[EventDate "2023.07.11"]
[EventType "swiss"]
[EventRounds "9"]
[EventCountry "SVK"]
[SourceTitle "EXT 2024"]
[Source "ChessBase"]
[SourceDate "2023.10.10"]
[SourceVersion "1"]
[SourceVersionDate "2023.10.10"]
[SourceQuality "1"]

1. e4 c5 2. Nf3 e6 3. d4 cxd4 4. Nxd4 Nf6 5. Nc3 d6 6. Bg5 Be7 7. f4 a6 8. Qf3 Qc7 9. f5 e5 10. Nb3 b5 11. a3 Bb7 12. h4 Nbd7 13. Bd3 h6 14. Be3 Rc8 15. g4 h5 16. g5 Ng4 17. Bd2 Nb6 18. Rg1 Nc4 19. 0-0-0 Nxd2 20. Nxd2 Qc5 21. Rxg4 hxg4 22. Qxg4 Kd8 23. Nb3 Qf2 24. Rh1 Qf4+ 25. Qxf4 exf4 26. Rd1 Rxh4 27. e5 d5 28. f6 gxf6 29. gxf6 Bxa3 30. Bf5 Rxc3 31. bxa3 Rh5 32. Bg4 Rxe5 33. Rh1 Re8 34. Kb2 Rg3 35. Bf5 Bc8 36. Bd3 Be6 37. Nc5 Bc8 38. Rh5 Be6 0-1

[Event "Piestany op-B"]
[Site "Piestany"]
[Date "2023.07.12"]
[Round "2"]
[White "Tomcaniova, Lucia"]
[Black "Wallinger, Nikolaus"]
[Result "1/2-1/2"]
[WhiteElo "1789"]
[BlackElo "1644"]
[PlyCount "151"]
[EventDate "2023.07.11"]
[EventType "swiss"]
[EventRounds "9"]
[EventCountry "SVK"]
[SourceTitle "EXT 2024"]
[Source "ChessBase"]
[SourceDate "2023.10.10"]
[SourceVersion "1"]
[SourceVersionDate "2023.10.10"]
[SourceQuality "1"]

1. e4 c5 2. Nf3 e6 3. c3 a6 4. d4 b5 5. Bd3 d6 6. 0-0 g6 7. Re1 Bg7 8. a4 c4 9. Bc2 Bb7 10. axb5 axb5 11. Rxa8 Bxa8 12. Na3 Bc6 13. d5 Bd7 14. dxe6 fxe6 15. Qxd6 Bf6 16. Bf4 Nc6 17. Nxb5 Be7 18. Nc7+ Kf7 19. Ng5+ Bxg5 20. Bxg5 Qxg5 21. Qxd7+ Nge7 22. Qxe6+ Kg7 23. Qxc4 Qe5 24. Ne6+ Kf6 25. Nd4 Rc8 26. Nxc6 Rxc6 27. Qd3 Kg7 28. Rd1 Rf6 29. Qd4 Qb5 30. c4 Qg5 31. Qd2 Qc5 32. b3 Nc6 33. Qe3 Qf8 34. e5 Re6 35. f4 Ne7 36. Rd6 Nf5 37. Bxf5 Qxf5 38. Rxe6 Qxe6 39. Qd3 Qc6 40. Kf1 Qc8 41. b4 Qg4 42. g3 Qh3+ 43. Kg1 Qe6 44. b5 Qb6+ 45. Kf1 Qa7 46. Qc3 Qb7 47. e6+ Kh6 48. Kf2 Qa7+ 49. Qe3 Qa2+ 50. Kf3 Qxc4 51. e7 Qf1+ 52. Kg4 Qxb5 53. f5+ Kg7 54. f6+ Kf7 55. e8Q+ Qxe8 56. Qxe8+ Kxe8 57. Kf4 Kf8 58. g4 Ke8 59. Ke5 Kd7 60. g5 Kd8 61. Ke6 Ke8 62. h3 Kf8 63. Kd6 Kf7 64. Kd7 h6 65. h4 hxg5 66. hxg5 Kf8 67. Ke6 Ke8 68. Ke5 Kf7 69. Kd5 Kf8 70. Kd6 Kf7 71. Kd5 Kf8 72. Ke5 Kf7 73. Kd4 Kf8 74. Kd5 Kf7 75. Ke5 Kf8 76. Ke6 1/2-1/2

[Event "Piestany op-B"]
[Site "Piestany"]
[Date "2023.07.11"]
[Round "1"]
[White "Wallinger, Nikolaus"]
[Black "Rakovsky, Jakub"]
[Result "1-0"]
[WhiteElo "1644"]
[BlackElo "2073"]
[PlyCount "69"]
[EventDate "2023.07.11"]
[EventType "swiss"]
[EventRounds "9"]
[EventCountry "SVK"]
[SourceTitle "EXT 2024"]
[Source "ChessBase"]
[SourceDate "2023.10.10"]
[SourceVersion "1"]
[SourceVersionDate "2023.10.10"]
[SourceQuality "1"]

1. e4 e5 2. Nc3 Nc6 3. f4 exf4 4. Nf3 g5 5. g3 g4 6. Nh4 d6 7. d4 Be7 8. Bxf4 Bxh4 9. gxh4 Qxh4+ 10. Bg3 Qg5 11. Nd5 Qd8 12. Qd2 Be6 13. 0-0-0 Nce7 14. Bh4 Bxd5 15. exd5 Qd7 16. Qa5 Nf5 17. Bb5 c6 18. dxc6 bxc6 19. Bxc6 Qxc6 20. Qxf5 Rc8 21. Rde1+ Kf8 22. Rhf1 Rc7 23. Be7+ Rxe7 24. Rxe7 Kxe7 25. Qxf7+ Kd8 26. Qg7 Ne7 27. Qxh8+ Kd7 28. Qxh7 Qd5 29. Kb1 Qe6 30. Qd3 d5 31. Qb5+ Kc7 32. Qc5+ Kb7 33. Qb4+ Kc6 34. Re1 Qd6 35. Qxd6+ 1-0

[Event "AUT-ch U14"]
[Site "St Veit"]
[Date "2023.06.10"]
[Round "6"]
[White "Fischkin, Daniel"]
[Black "Wallinger, Nikolaus"]
[Result "0-1"]
[WhiteElo "1492"]
[BlackElo "1699"]
[PlyCount "72"]
[EventDate "2023.06.08"]
[EventType "swiss"]
[EventRounds "7"]
[EventCountry "AUT"]
[SourceTitle "EXT 2024"]
[Source "ChessBase"]
[SourceDate "2023.10.10"]
[SourceVersion "1"]
[SourceVersionDate "2023.10.10"]
[SourceQuality "1"]

1. e4 c5 2. Nf3 e6 3. d4 cxd4 4. Nxd4 a6 5. Bd3 Qc7 6. Nc3 Nf6 7. Be3 Be7 8. 0-0 0-0 9. Re1 d6 10. Qf3 Nbd7 11. Qh3 b5 12. Bg5 Nc5 13. Qg3 Bb7 14. Bh6 Ne8 15. Be3 b4 16. Nd1 Bxe4 17. Bxe4 Nxe4 18. Qf3 d5 19. Rc1 N8f6 20. b3 Qd7 21. Nb2 Bd6 22. Na4 Qc7 23. g3 e5 24. Nf5 d4 25. Nxd6 Qxd6 26. Rcd1 Qc7 27. Bd2 Qxc2 28. Bxb4 Rfc8 29. Nb6 Ng5 30. Qg2 e4 31. Nxa8 Nf3+ 32. Kf1 Nxe1 33. Bxe1 Qxd1 34. Nb6 Rc1 35. Qh3 Qxe1+ 36. Kg2 Qg1# 0-1

[Event "AUT-ch U14"]
[Site "St Veit"]
[Date "2023.06.09"]
[Round "4"]
[White "Gstrein, Matteo"]
[Black "Wallinger, Nikolaus"]
[Result "1-0"]
[WhiteElo "1171"]
[BlackElo "1699"]
[PlyCount "67"]
[EventDate "2023.06.08"]
[EventType "swiss"]
[EventRounds "7"]
[EventCountry "AUT"]
[SourceTitle "EXT 2024"]
[Source "ChessBase"]
[SourceDate "2023.10.10"]
[SourceVersion "1"]
[SourceVersionDate "2023.10.10"]
[SourceQuality "1"]

1. e4 c5 2. Nf3 e6 3. d3 a6 4. g3 b5 5. Bg2 Bb7 6. 0-0 Nf6 7. Re1 Be7 8. Nbd2 0-0 9. Nf1 d5 10. e5 Nfd7 11. h4 Nc6 12. Bf4 Qb6 13. N1h2 Nd8 14. h5 f6 15. exf6 Nxf6 16. h6 g6 17. Ne5 Bd6 18. Nhg4 Qc7 19. Bh3 Nxg4 20. Qxg4 Kh8 21. c3 Bc8 22. d4 Nc6 23. Rac1 Nxe5 24. Bxe5+ Bxe5 25. Rxe5 Bd7 26. Rce1 Rf6 27. Qg5 Raf8 28. R1e2 cxd4 29. cxd4 Qc4 30. Qh4 Qd3 31. a3 b4 32. Bg2 b3 33. Bxd5 exd5 34. Qxf6+ 1-0

[Event "AUT-ch U16"]
[Site "St Veit"]
[Date "2023.04.03"]
[Round "3"]
[White "Wallinger, Nikolaus"]
[Black "Nguyen, Le Minh Phu"]
[Result "0-1"]
[WhiteElo "1702"]
[BlackElo "2204"]
[PlyCount "106"]
[EventDate "2023.04.02"]
[EventType "swiss"]
[EventRounds "7"]
[EventCountry "AUT"]
[SourceTitle "EXT 2024"]
[Source "ChessBase"]
[SourceDate "2023.10.10"]
[SourceVersion "1"]
[SourceVersionDate "2023.10.10"]
[SourceQuality "1"]

1. e4 c5 2. Nf3 d6 3. d4 cxd4 4. Nxd4 Nf6 5. Nc3 a6 6. Bg5 Nbd7 7. f4 Qc7 8. Qf3 g6 9. g4 Bg7 10. 0-0-0 h6 11. Bxf6 Nxf6 12. Rg1 Bxg4 13. Rxg4 Nxg4 14. Qxg4 Qc5 15. e5 dxe5 16. Nb3 Qc8 17. Qf3 e6 18. Na5 0-0 19. Nxb7 exf4 20. Ne4 Bxb2+ 21. Kxb2 Qxb7+ 22. Kc1 Rab8 23. Nf6+ Kg7 24. Qc3 Qb1+ 25. Kd2 Qb4 26. Ne8+ Kg8 27. Nf6+ Kh8 28. Nd7+ Qxc3+ 29. Kxc3 Rfc8+ 30. Kd2 Rd8 31. Kc1 Rb7 32. Nc5 Rb1+ 33. Kxb1 Rxd1+ 34. Kb2 Rxf1 35. Nxa6 f3 36. Nb4 f2 37. Nd3 Rb1+ 38. Kxb1 f1Q+ 39. Kb2 e5 40. Kc3 e4 41. Nc5 e3 42. Nd3 e2 43. Kd2 Qd1+ 44. Kc3 e1Q+ 45. Nxe1 Qxe1+ 46. Kc4 f5 47. a4 f4 48. Kb5 f3 49. a5 f2 50. a6 f1Q+ 51. Kb6 Qb4+ 52. Kc7 Qxa6 53. c3 Qbd6# 0-1

[Event "AUT-ch U12"]
[Site "St Veit"]
[Date "2022.04.10"]
[Round "2"]
[White "Aschenbrenner, Philip"]
[Black "Wallinger, Nikolaus"]
[Result "1-0"]
[WhiteElo "1406"]
[BlackElo "1482"]
[PlyCount "69"]
[EventDate "2022.04.10"]
[EventType "swiss"]
[EventRounds "7"]
[EventCountry "AUT"]
[SourceTitle "EXT 2023"]
[Source "ChessBase"]
[SourceDate "2022.10.05"]
[SourceVersion "1"]
[SourceVersionDate "2022.10.05"]
[SourceQuality "1"]

1. e4 c5 2. Nf3 e6 3. d4 cxd4 4. Nxd4 a6 5. c4 Nf6 6. Nc3 d6 7. Be3 Nc6 8. Be2 Bd7 9. 0-0 Be7 10. Qd2 Qc7 11. f3 Nxd4 12. Bxd4 Bc6 13. b3 0-0 14. Rac1 Qa5 15. Rfd1 Qh5 16. a4 h6 17. Qe1 Qg6 18. Qg3 Qxg3 19. hxg3 Nh5 20. Kf2 e5 21. Be3 f5 22. exf5 Nf6 23. g4 h5 24. Kg3 hxg4 25. fxg4 Nh7 26. Bf3 Ng5 27. Bd5+ Bxd5 28. Nxd5 Ne4+ 29. Kf3 Ng5+ 30. Bxg5 Bxg5 31. Ne3 e4+ 32. Ke2 Bf4 33. Rc2 Kf7 34. Nd5 Bg5 35. Nc7 1-0

[Event "Vienna Silvester op-B"]
[Site "Vienna"]
[Date "2021.12.30"]
[Round "4"]
[White "Wallinger, Nikolaus"]
[Black "Roehrbacher, Franz"]
[Result "1-0"]
[WhiteElo "1297"]
[BlackElo "1691"]
[PlyCount "102"]
[EventDate "2021.12.27"]
[EventType "swiss"]
[EventRounds "7"]
[EventCountry "AUT"]
[SourceTitle "EXT 2023"]
[Source "ChessBase"]
[SourceDate "2022.10.05"]
[SourceVersion "1"]
[SourceVersionDate "2022.10.05"]
[SourceQuality "1"]

1. e4 e5 2. Nf3 Nc6 3. d4 exd4 4. Nxd4 Nxd4 5. Qxd4 d6 6. Bc4 Qf6 7. Qd3 Ne7 8. Nc3 a6 9. 0-0 Bd7 10. Be3 Bc6 11. Bd5 Bxd5 12. exd5 Qg6 13. Qd2 h6 14. Rab1 Qf5 15. b4 b5 16. a4 c6 17. dxc6 Nxc6 18. axb5 axb5 19. Nd5 Rb8 20. Bb6 Kd7 21. Ra1 Be7 22. Nxe7 Kxe7 23. Bc7 Rhd8 24. Bxd8+ Rxd8 25. Ra6 Qd7 26. Qe3+ Kf8 27. Qe4 Ne5 28. Rfa1 g6 29. Ra8 Rxa8 30. Rxa8+ Kg7 31. f4 Qg4 32. Ra1 Nc4 33. Qd4+ Kh7 34. c3 Qe2 35. Qf2 Qd3 36. Qf3 Qf5 37. Rd1 Qe6 38. h3 Nd2 39. Qd3 Nc4 40. Ra1 Qf6 41. Qd4 Qd8 42. Kh1 h5 43. Ra7 Qe8 44. Qd5 Kg7 45. Kh2 h4 46. Rb7 Ne3 47. Qd4+ Kg8 48. Qxd6 Qe4 49. Qd8+ Kg7 50. Qd4+ Qxd4 51. cxd4 Nc2 1-0

[Event "AUT-ch U12"]
[Site "St Veit"]
[Date "2021.10.27"]
[Round "4.6"]
[White "Wallinger, Nikolaus"]
[Black "Feiertag, Jonas"]
[Result "1/2-1/2"]
[WhiteElo "1245"]
[BlackElo "1257"]
[PlyCount "62"]
[EventDate "2021.10.25"]
[EventType "swiss"]
[EventRounds "5"]
[EventCountry "AUT"]
[SourceTitle "EXT 2023"]
[Source "ChessBase"]
[SourceDate "2022.10.05"]
[SourceVersion "1"]
[SourceVersionDate "2022.10.05"]
[SourceQuality "1"]

1. e4 c5 2. Nf3 e6 3. d4 cxd4 4. Nxd4 Nf6 5. Nc3 Nc6 6. Be2 Bc5 7. Be3 Qb6 8. Ndb5 Bxe3 9. fxe3 0-0 10. Qc1 Rd8 11. 0-0 d5 12. exd5 Nxd5 13. Nxd5 Rxd5 14. Nc3 Re5 15. Rf3 Bd7 16. Kh1 Ne7 17. e4 Ng6 18. Rf1 f5 19. exf5 exf5 20. Bc4+ Be6 21. Bb3 Bxb3 22. axb3 Rae8 23. Qd2 a6 24. Rae1 Rxe1 25. Rxe1 Rxe1+ 26. Qxe1 Kf7 27. h3 Qd6 28. Qf1 Qf4 29. Qd1 Ne7 30. Ne2 Qe5 31. Nc3 g6 1/2-1/2

[Event "EU-ch Hybrid U10"]
[Site "Tornelo INT"]
[Date "2021.10.15"]
[Round "3"]
[White "Wallinger, Nikolaus"]
[Black "Brzezina, Piotr"]
[Result "0-1"]
[WhiteElo "1245"]
[BlackElo "1418"]
[PlyCount "148"]
[EventDate "2021.10.15"]
[EventType "swiss"]
[EventRounds "9"]
[EventCountry "NET"]
[SourceTitle "EXT 2023"]
[Source "ChessBase"]
[SourceDate "2022.10.05"]
[SourceVersion "1"]
[SourceVersionDate "2022.10.05"]
[SourceQuality "1"]
[WhiteTeam "Austria"]
[BlackTeam "Poland"]
[WhiteTeamCountry "AUT"]
[BlackTeamCountry "POL"]

1. e4 e5 2. Nf3 Nc6 3. d4 exd4 4. Nxd4 Bc5 5. Be3 Qf6 6. c3 Nge7 7. Be2 0-0 8. 0-0 Bb6 9. Na3 d5 10. Nxc6 Qxc6 11. exd5 Qxd5 12. Bxb6 axb6 13. Nb5 Qc6 14. a4 Be6 15. Bf3 Bd5 16. Nd4 Qd7 17. Qc2 Bxf3 18. Nxf3 Rad8 19. Rfe1 Rfe8 20. Ng5 Qf5 21. Qxf5 Nxf5 22. Rxe8+ Rxe8 23. Kf1 h6 24. Nf3 Kf8 25. Rd1 Nd6 26. Ne1 Ra8 27. b3 f6 28. Nc2 Ke8 29. Nd4 Kf7 30. f4 h5 31. Rd2 Ne4 32. Rc2 g6 33. g3 Rd8 34. Ke2 c6 35. Nf3 Nc5 36. Nd2 Re8+ 37. Kf1 b5 38. axb5 cxb5 39. b4 Nd3 40. Nf3 Re3 41. Nd4 Re1+ 42. Kg2 Re4 43. Kf3 Rxd4 44. Ke3 Rd5 45. Rd2 Nxb4 46. cxb4 Rxd2 47. Kxd2 Ke6 48. Ke3 Kd5 49. Kd3 g5 50. fxg5 fxg5 51. h3 h4 52. g4 b6 53. Ke3 Kc4 54. Ke4 Kxb4 55. Kf5 Kc3 56. Kxg5 b4 57. Kf6 b3 58. g5 b2 59. g6 b1Q 60. g7 Qb3 61. Kg5 Qg8 62. Kxh4 Qxg7 63. Kh5 b5 64. h4 Qg3 65. Kh6 Qxh4+ 66. Kg6 Kd4 67. Kf5 Qe4+ 68. Kg5 Qf3 69. Kg6 Qf8 70. Kg5 Ke5 71. Kg4 Qf4+ 72. Kh5 Qg3 73. Kh6 Kf6 74. Kh7 Qg7# 0-1

[Event "EU Union-ch U10 18th"]
[Site "Mureck"]
[Date "2021.08.10"]
[Round "7"]
[White "Wallinger, Nikolaus"]
[Black "Maklakova, Dafne"]
[Result "1-0"]
[WhiteElo "1190"]
[BlackElo "1111"]
[PlyCount "103"]
[EventDate "2021.08.04"]
[EventType "swiss"]
[EventRounds "9"]
[EventCountry "AUT"]
[SourceTitle "EXT 2022"]
[Source "ChessBase"]
[SourceDate "2021.10.06"]
[SourceVersion "1"]
[SourceVersionDate "2021.10.06"]
[SourceQuality "1"]

1. e4 e5 2. Nf3 Nc6 3. d4 exd4 4. Nxd4 d5 5. Nc3 dxe4 6. Bb5 Bd7 7. Bxc6 Bxc6 8. Nxc6 Qxd1+ 9. Kxd1 bxc6 10. Nxe4 Rd8+ 11. Ke2 Bd6 12. Be3 Be5 13. c3 Nf6 14. Nxf6+ Bxf6 15. Bxa7 0-0 16. Rhe1 Rfe8+ 17. Kf1 h6 18. Be3 Rb8 19. Rab1 Rb7 20. Rec1 Ra8 21. a3 Rab8 22. Rc2 Be7 23. a4 Ba3 24. b4 Ra8 25. Ra2 Rxa4 26. Rba1 Ra8 27. Rxa3 Rxa3 28. Rxa3 Rb8 29. Ra7 Rc8 30. Bf4 Re8 31. Rxc7 Re6 32. Be3 Kf8 33. Ke2 g5 34. Kd3 Rd6+ 35. Kc4 Ke8 36. Bd4 f5 37. Kc5 Re6 38. Rxc6 Re7 39. Kd5 h5 40. Re6 Kf7 41. Rxe7+ Kxe7 42. b5 Kd7 43. b6 f4 44. Be5 Kc8 45. Kc6 Kd8 46. b7 Ke7 47. b8Q Ke6 48. f3 g4 49. Qd6+ Kf7 50. Qf6+ Ke8 51. Bd6 gxf3 52. Qe7# 1-0

[Event "EU Union-ch U10 18th"]
[Site "Mureck"]
[Date "2021.08.08"]
[Round "5"]
[White "Schnepf, Maximilian"]
[Black "Wallinger, Nikolaus"]
[Result "0-1"]
[WhiteElo "960"]
[BlackElo "1190"]
[PlyCount "75"]
[EventDate "2021.08.04"]
[EventType "swiss"]
[EventRounds "9"]
[EventCountry "AUT"]
[SourceTitle "EXT 2022"]
[Source "ChessBase"]
[SourceDate "2021.10.06"]
[SourceVersion "1"]
[SourceVersionDate "2021.10.06"]
[SourceQuality "1"]

1. d4 c5 2. c3 d5 3. Bf4 e6 4. Nf3 Nc6 5. e3 Nf6 6. Bd3 Be7 7. Nbd2 Qb6 8. Qb3 Qxb3 9. axb3 0-0 10. Ne5 Nxe5 11. Bxe5 b6 12. 0-0 Bb7 13. c4 cxd4 14. exd4 Nd7 15. Bg3 Bf6 16. Nf3 dxc4 17. bxc4 Bxf3 18. gxf3 Bxd4 19. Rab1 Rac8 20. b3 Rfd8 21. Be4 Nc5 22. Rbd1 Nxb3 23. Bb7 Rxc4 24. Be4 Nc5 25. Bb1 Rc3 26. Be5 Rc4 27. Ba2 Ra4 28. Bb1 f6 29. Bxd4 Raxd4 30. Rc1 Nb3 31. Rc7 Nd2 32. Rd1 Nxf3+ 33. Kg2 Rxd1 34. Ba2 Nd4 35. Rxa7 Kf8 36. Bc4 b5 37. Ba2 Rb8 38. f4 0-1

[Event "EU Union-ch U10 18th"]
[Site "Mureck"]
[Date "2021.08.06"]
[Round "3"]
[White "Butuza, Stefan Aurelian"]
[Black "Wallinger, Nikolaus"]
[Result "1-0"]
[WhiteElo "1402"]
[BlackElo "1190"]
[PlyCount "65"]
[EventDate "2021.08.04"]
[EventType "swiss"]
[EventRounds "9"]
[EventCountry "AUT"]
[SourceTitle "EXT 2022"]
[Source "ChessBase"]
[SourceDate "2021.10.06"]
[SourceVersion "1"]
[SourceVersionDate "2021.10.06"]
[SourceQuality "1"]

1. e4 c5 2. c3 e6 3. d4 cxd4 4. cxd4 Nf6 5. Nc3 Bb4 6. Bd3 Qc7 7. Qb3 Bxc3+ 8. bxc3 0-0 9. Ne2 b6 10. 0-0 Bb7 11. Qc2 Nc6 12. e5 Nd5 13. Bxh7+ Kh8 14. Bd3 Rac8 15. Ba3 Rfe8 16. Bd6 Qd8 17. Qd2 Qh4 18. Rac1 Nde7 19. Nf4 Qh6 20. Qe3 g6 21. Nxg6+ Qxg6 22. Bxg6 Nxg6 23. f4 Kg7 24. f5 exf5 25. Rxf5 Nd8 26. Qg5 Re6 27. Rf6 Bd5 28. h4 Rxf6 29. exf6+ Kh7 30. h5 Ne6 31. hxg6+ fxg6 32. Qxd5 Rc6 33. Be5 1-0

[Event "AUT-chT District U18 Online Rapid"]
[Site "Playchess.com INT"]
[Date "2020.12.12"]
[Round "4"]
[White "Roessler, Lukas1111"]
[Black "Wallinger, Nikolaus"]
[Result "0-1"]
[WhiteElo "1484"]
[BlackElo "1843"]
[PlyCount "86"]
[EventDate "2020.12.12"]
[EventType "team-swiss (rapid)"]
[EventRounds "9"]
[EventCountry "AUT"]
[SourceTitle "EXT 2022"]
[Source "ChessBase"]
[SourceDate "2021.10.06"]
[SourceVersion "1"]
[SourceVersionDate "2021.10.06"]
[SourceQuality "1"]

1. e4 c5 2. Nc3 Nc6 3. f4 Qc7 4. Nh3 a6 5. Bd3 b5 6. 0-0 Qb6 7. Kh1 Bb7 8. f5 Nf6 9. b3 g6 10. Bb2 Bg7 11. Nd5 Qd8 12. Nxf6+ Bxf6 13. Bxf6 exf6 14. a4 b4 15. c4 Ne5 16. Bc2 0-0 17. d4 cxd4 18. Qxd4 Nc6 19. Qf2 Re8 20. Qh4 Kg7 21. Qg4 Nd4 22. Rac1 Nxc2 23. Rxc2 Rxe4 24. Qg3 Qb6 25. fxg6 fxg6 26. Rf5 Rae8 27. Rc1 Re3 28. Qf2 gxf5 29. Nf4 Re1+ 30. Qxe1 Rxe1+ 31. Rxe1 Qf2 32. Nh5+ Kf7 33. Rg1 Kg6 34. Ng3 f4 35. Nf1 Kf5 36. c5 Bxg2+ 37. Rxg2 Qxf1+ 38. Rg1 Qf3+ 39. Rg2 Qd1+ 40. Rg1 Qd5+ 41. Rg2 f3 42. Rf2 Qd1+ 43. Rf1 Qxf1# 0-1